Country Compass - Central African Republic - Statistics

General Stats
  • This quiz has been taken 11 times
  • The average score is 17 of 20
Answer Stats
Answer % Correct
Italy
100%
Algeria
90%
Greece
90%
Iraq
90%
Madagascar
90%
Morocco
90%
Oman
90%
Saudi Arabia
90%
South Africa
90%
Turkey
90%
Albania
80%
Gambia
80%
Mauritania
80%
Senegal
80%
Syria
80%
Yemen
80%
Guinea
70%
Guinea-Bissau
70%
Mozambique
70%
Namibia
70%
No matching quizzes found
Score Distribution
Percent of People with Each Score
Percentile by Number Answered
Your Score History
You have not taken this quiz